00728nam a2200217 a 450000100100000000500170001000800410002702000150006804000250008308200130010810000450012124500450016625000110021126000340022230000200025649000200027650000570029683000290035395201110038299900170049300004313720201002040651.0140220s1993 sp 000 0 spa d a847223374X aDO-SdBNPbspacBNPHU axxxbxxx1 aRodríguez, Claudio,d1934-1999.97069010aCasi una leyenda /cClaudio Rodríguez. a3a ed. aBarcelona :bTusquets,c1993. a86 p. ;c21 cm.1 aMarginalesv112 aIncluye datos biográficos del autor en las solapas 0aMarginales ;n112970691 001050718MOaGRbGRcCTd2014-02-20iLF1l0oxxx xxxp43137-10r2020-06-25w2020-06-25y1ZNo se presta c42626d42626